Natural latex: Control and industrial procedures (Record no. 63437)

MARC details
000 -LEADER
fixed length control field 00346nam a2200133Ia 4500
100 ## - MAIN ENTRY--AUTHOR NAME
Personal name Perez J
245 #0 - TITLE STATEMENT
Title Natural latex: Control and industrial procedures
260 ## - PUBLICATION, DISTRIBUTION, ETC. (IMPRINT)
Name of publisher Clinical Reviews in Allergy
Year of publication 1993
300 ## - PHYSICAL DESCRIPTION
Number of Pages 355-361
500 ## - GENERAL NOTE
General note Source Year: 1995
856 ## - ELECTRONIC LOCATION AND ACCESS
Uniform Resource Identifier irrdb
942 ## - ADDED ENTRY ELEMENTS (KOHA)
Koha item type Journals
Holdings
Withdrawn status Lost status Damaged status Not for loan Home library Current library Shelving location Date acquired Serial Enumeration / chronology Koha item type
      Journals RRII Library RRII Library Rubber chemistry 17/12/2021 Volume 11, Issue 3 Journals